Principles and practice of psychiatric nursing. / (Record no. 7963)

MARC details
000 -LEADER
fixed length control field 02104cam a2200277 a 4500
001 - CONTROL NUMBER
control field 934123
003 - CONTROL NUMBER IDENTIFIER
control field OSt
005 - DATE AND TIME OF LATEST TRANSACTION
control field 20211112101942.0
008 - FIXED-LENGTH DATA ELEMENTS--GENERAL INFORMATION
fixed length control field 830815s1984 nyua b 001 0 eng
010 ## - LIBRARY OF CONGRESS CONTROL NUMBER
LC control number 8212540
020 ## - INTERNATIONAL STANDARD BOOK NUMBER
International Standard Book Number 0801648858
040 ## - CATALOGING SOURCE
Original cataloging agency LC
Transcribing agency LC
Modifying agency LC
050 00 - LIBRARY OF CONGRESS CALL NUMBER
Classification number RC440.P69
060 ## - NATIONAL LIBRARY OF MEDICINE CALL NUMBER
Classification number WY 160 S929p
082 00 - DEWEY DECIMAL CLASSIFICATION NUMBER
Classification number 610.73/68
Edition number 2ed
245 00 - TITLE STATEMENT
Title Principles and practice of psychiatric nursing. /
Statement of responsibility, etc. Edited by Gail Wiscarz Stuart, Sandra J. Sundeen
250 ## - EDITION STATEMENT
Edition statement 2nd ed.
260 ## - PUBLICATION, DISTRIBUTION, ETC.
Place of publication, distribution, etc. St. Louis, Missouri:
Name of publisher, distributor, etc. Mosby,
Date of publication, distribution, etc. 1983.
300 ## - PHYSICAL DESCRIPTION
Extent xvi, 1018 p. :
Other physical details ill. ;
Dimensions 26 cm.
505 ## - FORMATTED CONTENTS NOTE
Formatted contents note Contents: Principles of psychiatric nursing: Roles and functions of psychiatric nurses -- Conceptual models of psychiatric care -- The therapeutic nurse-patient relationship -- The nursing therapeutic process -- Preventive mental health nursing -- Rehabilitative psychiatric nursing -- Anxiety -- Alterations in self-concept -- Disturbances of mood -- Self-destructive behavior -- Disruptions in relatedness -- Problems with the expression of anger -- Impaired cognition -- Substance abuse -- Somatic therapies and psychiatric nursing -- Legal aspects of psychiatric care -- 2. Practice of psychiatric nursing: Psychiatric evaluation -- Evolution of inpatient psychiatric nursing -- The psychiatric nurse's role in community mental health -- Crisis therapy -- Behavior modification -- Human sexuality and nursing practice -- Liaison nursing: a model for nursing practice -- Small groups and their therapeutic forces -- Family therapy -- Child psychiatric nursing -- Adolescent psychiatric nursing -- Nursing intervention in family abuse and violence -- Counselling the victim of rape -- Care of the chronically mentally ill patient -- Gerontological psychiatric nursing -- Individuals and families: caring for the dying -- Thee pragmatics of private practice -- Issues and trends in psychiatric-mental health nursing --
650 #0 - SUBJECT ADDED ENTRY--TOPICAL TERM
Topical term or geographic name entry element Psychiatric nursing.
700 ## - ADDED ENTRY--PERSONAL NAME
Fuller form of name Stuart, Gail Wiscarz
700 ## - ADDED ENTRY--PERSONAL NAME
Fuller form of name Sundeen, Sandra J.
906 ## - LOCAL DATA ELEMENT F, LDF (RLIN)
a 7
b cbc
c orignew
d 1
e ocip
f 19
g y-gencatlg
942 ## - ADDED ENTRY ELEMENTS (KOHA)
Source of classification or shelving scheme Library of Congress Classification
Koha item type Books
Holdings
Withdrawn status Lost status Source of classification or shelving scheme Damaged status Not for loan Home library Current library Date acquired Full call number Barcode Date last seen Price effective from Koha item type
    Library of Congress Classification     WISCONSIN INTERNATIONAL UNIVERSITY COLLEGE, GHANA KUMASI LIBRARY WISCONSIN INTERNATIONAL UNIVERSITY COLLEGE, GHANA KUMASI LIBRARY 14/08/2019 RC440.P69(2e) KSN/482/19 11/11/2021 11/11/2021 Books

If you have any concerns or questions; kindly contact the library


© Powered by WIUC ICT DIRECTORATE